Welcome to CU Library Online Public Access Catalogue (OPAC)

New dimensions in pastoral care, (Record no. 6244)

MARC details
000 -LEADER
fixed length control field 00684cam a2200193 4500
001 - CONTROL NUMBER
control field 4562564
005 - DATE AND TIME OF LATEST TRANSACTION
control field 20250604094828.0
008 - FIXED-LENGTH DATA ELEMENTS--GENERAL INFORMATION
fixed length control field 701130s1970 pau b 000 0 eng
050 00 - LIBRARY OF CONGRESS CALL NUMBER
Classification number BV4012
Item number .O225
082 00 - DEWEY DECIMAL CLASSIFICATION NUMBER
Classification number 253
100 1# - MAIN ENTRY--PERSONAL NAME
Personal name Oates, Wayne E.
Fuller form of name (Wayne Edward),
Dates associated with a name 1917-1999.
245 10 - TITLE STATEMENT
Title New dimensions in pastoral care,
Statement of responsibility, etc. by Wayne E. Oates.
260 ## - PUBLICATION, DISTRIBUTION, ETC.
Place of publication, distribution, etc. Philadelphia,
Name of publisher, distributor, etc. Fortress Press
Date of publication, distribution, etc. [1970]
300 ## - PHYSICAL DESCRIPTION
Extent 86 p.
Dimensions 19 cm.
500 ## - GENERAL NOTE
General note Based on lectures originally presented by the author as the Zimmerman lectures at the Lutheran Theological Seminary, Gettysburg, Pa., May 1-2, 1968.
650 #0 - SUBJECT ADDED ENTRY--TOPICAL TERM
Topical term or geographic name entry element Pastoral psychology.
650 #0 - SUBJECT ADDED ENTRY--TOPICAL TERM
Topical term or geographic name entry element Clergy
General subdivision Psychology.
942 ## - ADDED ENTRY ELEMENTS (KOHA)
Source of classification or shelving scheme Library of Congress Classification
Koha item type Books
Suppress in OPAC No
999 ## -
-- 6244
-- 6244
Holdings
Withdrawn status Lost status Source of classification or shelving scheme Damaged status Not for loan Collection Home library Current library Shelving location Date acquired Total checkouts Full call number Barcode Date last seen Copy number Price effective from Koha item type
    Library of Congress Classification     Non-fiction Undergraduate Library (Christ Temple) Undergraduate Library (Christ Temple) General stacks 06/04/2025   BV4011 OAT ulct00002985 06/04/2025 1 06/04/2025 Books
© 2023-2024 Copyright: Central University Libraries. All Rights Reserved | Created by: Mahone Tech Office